000 00728nam a22002177a 4500
003 URS
005 20221108085634.0
008 171222b xxu||||| |||| 00| 0 eng d
040 _cURS
050 _aKF 5625.8 P2 S92 2009
100 _92892
_aSuarez, Carlos B.
_eauthor
245 _aLaw on partnerships and private corporations for business students
_cCarlos B. Suarez, Alexander Q. Suarez
260 _aManila
_bGIC Enterprises & Co., Inc.
_c2009
336 _2rdacontent
_atext
_btxt
337 _2rdamedia
_aunmediated
_bn
338 _2rdacarrier
_avolume
_bnc
650 0 _91482
_aPartnership
_zPhilippines
650 0 _91483
_aCorporation law
_zPhilippines
700 _aSuarez, Alexander Q.
_92894
_eauthor
942 _2lcc
_cF
999 _c14841
_d14841